000 00704nam a2200229 i 4500
001 C2-0109515
003 PPAK
005 20180727102958.0
008 970626s xx |||| ||||| | may d
040 _aPPAK
_beng
_cPPAK
_erda
082 0 4 _a303.72
_223
090 0 0 _a303.72
_bMAH
_dKK
100 0 _aMahathir Mohamad,
_cDr.
_eauthor
245 1 0 _aNilai dari timur :
_bkita bukan pak turut
264 1 _a[place of publication not identified] :
_b[publisher not identified] ,
_c[date of publication not identified]
300 _a[1 pages] ;
_c31 cm
336 _2rdacontent
_atext
337 _2rdamedia
_aunmediated
338 _2rdacarrier
_avolume
650 1 0 _aSocial interaction
942 _ddc
_cB
999 _c27247
_d27247